000 00728nmm a2200253 a 4500
003 AR-BaBNM
005 20251128203342.0
008 089019s1966 ||||||||||||||000 | spa||
040 _cAR-BaBNM
100 1 _aSuárez Rodríguez, José Luis
245 1 0 _aEnciclopedia de la nueva educación
_n2
250 _a1ª ed.
260 _aMadrid
_bApis
_c1966
300 0 _ap. 497-974
_btablas
500 0 _aIndice analítico general p. 961-974
504 _aBibliografía al final de cada capítulo
504 _aBibliografía pedagógica por José Luis Suárez Rodríguez en p. 945-960
650 4 _aENCICLOPEDIAS
650 4 _aEDUCACION
650 4 _aPEDAGOGIA
655 _aREFERENCIA
942 _cBK
998 _cCarmen
999 _c3009
_d3009